000 01207nam a2200301 a 4500
001 000002194
005 20240228130646.0
008 090701s2008 dr ab 001 0 spa d
020 _a9789945162530
040 _aDO-SdBNP
_bspa
_cBNPHU
082 _a305.897293
_bR763r
100 1 _aRomero, Santo
_97021
245 1 0 _aRaíces etnico-culturales y divisiones territoriales de nuestra isla /
_cSanto Romero.
260 _aSanto Domingo :
_bBúho,
_c2008.
300 _a343 p. :
_bil., mapa. ;
_c22 cm.
500 _aIncluye datos biográficos del autor en la contracubierta
504 _aBibliografía : p. 335-343
590 _aLa biblioteca posee 3 ejemplares autografiados por el autor
590 _aInventariado, 2018/BT
650 4 _aEtnología
_zRepública Dominicana
_96407
650 4 _aCiudades y pueblos
_zRepública Dominicana
_9784
650 4 _aEducación
_zRepública Dominicana
_9737
651 4 _aRepública Dominicana
_zVida Social Y Costumbres
_97022
651 4 _aRepública Dominicana
_xCondiciones Económicas
_9281
651 4 _aRepública Dominicana
_xHistoria
_9170
651 _aRepública Dominicana
_xGeografía Histórica
_97023
910 _aValidado. Control de calidad. MMOLINA
999 _c2042
_d2042